[Event "Stay Safe Play From Home 289"]
[Site "Emanuel Lasker Arena"]
[Date "2020.07.09"]
[Round "3"]
[White "Lamborghini"]
[Black "Eidgenosse"]
[Result "0-1"]
[WhiteElo "2210"]
[BlackElo "2381"]
[Annotator "TA"]
[PlyCount "90"]
[EventDate "2020.07.09"]
[EventType "swiss (blitz)"]

{[%evp 9,89,60,71,75,81,68,102,95,150,126,171,141,158,133,139,91,139,110,122,0,-7,-38,70,41,50,33,35,37,46,21,50,0,0,-25,13,6,6,6,14,6,6,0,0,0,0,0,0,0,0,0,0,0,0,0,0,0,0,0,0,0,0,-25,-25,-61,-36,-55,-30,-166,-166,-685,-681,-737,-737,-720,-710,-687,-672,-708,-664,-721,-712,-29999]} 1. e4 d6 2. d4 Nf6 3. Nc3 Nbd7 4. g4 e5 5. g5 Ng8 6. Nf3 {B07: Pirc Defence: Miscellaneous Systems.} c6 {[#]} 7. h4 $146 ({Predecessor:} 7. Be3 Qc7 8. a4 g6 9. a5 h6 10. Bc4 exd4 11. Nxd4 hxg5 12. Bxg5 Ne5 13. Be2 {1-0 (40) Thorfinnsson,B (2443)-Ptacnikova,L (2232) Reykjavik 2017}) 7... Qc7 8. Be3 {White is better.} Ne7 (8... h6 $142) 9. h5 g6 10. hxg6 Nxg6 11. Bh3 Bg7 12. Bf5 Nb6 13. dxe5 dxe5 14. Qd2 ({White should play} 14. Nd2 $16) 14... Nc4 $11 {[%mdl 64] [#] Double Attack} 15. Qe2 Nxe3 (15... Nxb2 $15 16. Kf1 Qa5) 16. Qxe3 Qb6 17. Qxb6 axb6 18. O-O-O b5 19. a3 Be6 20. Bxe6 fxe6 21. Rd6 Ke7 22. Rhd1 {[#] And now Rd7+ would win.} Rad8 $132 {[%mdl 2048] Black is fighting back} 23. Rxd8 Rxd8 24. Rxd8 Kxd8 {[%mdl 4096] Endgame KBN-KNN} 25. Ne2 h6 26. gxh6 Bxh6+ 27. Kd1 Kd7 28. b3 Kd6 29. Ng3 Bf4 30. Nh5 Bh6 31. Ke2 Bc1 32. a4 bxa4 33. bxa4 Ba3 34. Kd3 Bc5 35. Kc4 Bxf2 36. Ng5 Bb6 37. Kb4 Nf4 38. Nf7+ {Now White is beyond hope.} (38. Nf6 $11 {and White has nothing to worry.}) 38... Ke7 $19 39. Nxe5 $2 (39. Nxf4 exf4 40. Ne5) 39... Nxh5 40. Nd3 Nf6 41. a5 Bc7 42. e5 Nd5+ 43. Kc5 Kd7 44. c4 b6+ 45. axb6 Bxb6# {Accuracy: White = 47%, Black = 69%.} 0-1

[Event "Stay Safe Play From Home 289"]
[Site "Emanuel Lasker Arena"]
[Date "2020.07.09"]
[Round "3"]
[White "Bardellosport"]
[Black "AChessPlayer"]
[Result "0-1"]
[WhiteElo "1962"]
[BlackElo "2410"]
[Annotator "TA"]
[PlyCount "60"]
[EventDate "2020.07.09"]
[EventType "swiss (blitz)"]

{[%evp 9,60,14,15,0,26,-50,5,-85,24,13,19,2,13,14,37,-6,-6,-2,0,-40,-33,-61,-62,-62,-63,-69,-73,-75,-77,-275,-264,-296,-290,-281,-283,-268,-195,-237,-224,-330,-339,-325,-335,-366,-336,-351,-343,-505,-488,-510,-502,-29996,-29997]} 1. c4 g6 2. g3 Bg7 3. Bg2 Nf6 4. Nc3 O-O 5. e4 c5 6. d3 {A16: English Opening: 1...Nf6 with ...d5.} d6 7. Be3 (7. Nge2 $11) 7... Nc6 (7... Ng4 $15) 8. f4 {[#]} (8. Nge2 $11 {keeps the balance.}) 8... Ne8 (8... Ng4 $1 $17 {[%cal Rg4e3]} 9. Qd2 Nxe3 10. Qxe3 a6) 9. Nf3 {[#]} Nc7 $146 ({Predecessor:} 9... Rb8 10. O-O f5 11. e5 Nc7 12. Rb1 Ne6 13. Re1 dxe5 14. fxe5 Nxe5 15. Nxe5 Bxe5 {1-0 (36) Tran,M (1573)-Niemann,L (1702) Willingen 2019}) 10. Qd2 Bg4 11. O-O Ne6 12. h3 Bxf3 $1 13. Bxf3 Ned4 14. Bxd4 (14. Bg2 {with more complications.} e6 15. g4 Qh4 16. Bf2 Qd8 17. Be3) 14... Nxd4 15. Nd5 a6 16. Bg2 e6 17. Ne3 b5 18. Nc2 Rb8 19. Nxd4 $2 {Loses the game.} (19. Rab1 $17) 19... Bxd4+ $19 20. Kh1 bxc4 21. dxc4 {White hopes to continue with Rab1.} Rxb2 22. Qd3 Qf6 {White must now prevent ...Rxg2!} 23. Rae1 Rxa2 24. e5 (24. Rb1 {was necessary.}) 24... dxe5 25. fxe5 Qg5 26. Qf3 h5 ({Resist} 26... Bxe5 27. Re3 $19) 27. h4 Qg4 28. Qxg4 (28. Qb3 {keeps fighting.} Rb2 29. Qa3) 28... hxg4 29. Bc6 Rb8 {( -> ...Rbb2)} 30. Bd7 {[#]} (30. Rb1 $19 Rxb1 31. Rxb1) 30... Rbb2 {Accuracy: White = 35%, Black = 73%.} 0-1

[Event "Stay Safe Play From Home 289"]
[Site "Emanuel Lasker Arena"]
[Date "2020.07.09"]
[Round "3"]
[White "Haris kollari 13"]
[Black "Justwatch"]
[Result "1-0"]
[WhiteElo "1731"]
[BlackElo "1681"]
[Annotator "NA"]
[PlyCount "35"]
[EventDate "2020.07.09"]
[EventType "swiss (blitz)"]

1. e4 {[%emt 0:00:01]} Nf6 {[%emt 0:00:01]} 2. e5 {[%emt 0:00:02]} Nd5 {[%emt 0:00:01]} 3. c4 {[%emt 0:00:00]} Nb4 {[%emt 0:00:01]} 4. d4 {[%emt 0:00:01]} N4c6 {[%emt 0:00:00]} 5. f4 {[%emt 0:00:02]} d6 {[%emt 0:00:00]} 6. Nf3 {[%emt 0:00:01]} dxe5 {[%emt 0:00:01]} 7. fxe5 {[%emt 0:00:00]} Bg4 {[%emt 0:00:00]} 8. Be3 {[%emt 0:00:04]} Bxf3 {[%emt 0:00:00]} 9. gxf3 {[%emt 0:00:02]} e6 {[%emt 0:00:00]} 10. Be2 {[%emt 0:00:03]} Bb4+ {[%emt 0:00:00]} 11. Nc3 {[%emt 0:00:01]} Bxc3+ {[%emt 0:00:00]} 12. bxc3 {[%emt 0:00:01]} O-O {[%emt 0:00:00]} 13. O-O {[%emt 0:00:01]} Qh4 {[%emt 0:00:00]} 14. Bf2 {[%emt 0:00:02]} Qh3 {[%emt 0:00:01]} 15. Bg3 {[%emt 0:00:01]} Nd7 {[%emt 0:00:01]} 16. Rf2 {[%emt 0:00:03]} f5 {[%emt 0:00:01]} 17. Bf1 {[%emt 0:00:01]} Nf6 {[%emt 0:00:00]} 18. Bxh3 {[%emt 0:00:02] Justwatch terk eder (Lag: Av=0.51s, max=0.9s)} 1-0

[Event "Stay Safe Play From Home 289"]
[Site "Emanuel Lasker Arena"]
[Date "2020.07.09"]
[Round "3"]
[White "Trotsky"]
[Black "Fischer_11"]
[Result "0-1"]
[WhiteElo "1598"]
[BlackElo "2037"]
[Annotator "NA"]
[PlyCount "56"]
[EventDate "2020.07.09"]
[EventType "swiss (blitz)"]

1. d4 {[%emt 0:00:03]} Nf6 {[%emt 0:00:00]} 2. e3 {[%emt 0:00:01]} e6 {[%emt 0:00:00]} 3. c4 {[%emt 0:00:01]} c5 {[%emt 0:00:00]} 4. Nc3 {[%emt 0:00:01]} cxd4 {[%emt 0:00:01]} 5. exd4 {[%emt 0:00:01]} a6 {[%emt 0:00:00]} 6. Be3 {[%emt 0:00:01]} Be7 {[%emt 0:00:00]} 7. Nf3 {[%emt 0:00:01]} O-O {[%emt 0:00:00]} 8. Bd3 {[%emt 0:00:01]} d5 {[%emt 0:00:00]} 9. Qc2 {[%emt 0:00:01]} dxc4 {[%emt 0:00:00]} 10. Bxc4 {[%emt 0:00:01]} b5 {[%emt 0:00:00]} 11. Bd3 {[%emt 0:00:00]} Nc6 {[%emt 0:00:00]} 12. a3 {[%emt 0:00:02]} Bb7 {[%emt 0:00:00]} 13. Ng5 {[%emt 0:00:01]} h6 {[%emt 0:00:02]} 14. h4 {[%emt 0:00:01]} Rc8 {[%emt 0:00:02]} 15. Qb1 {[%emt 0:00:03]} Nxd4 {[%emt 0:00:01]} 16. Nce4 {[%emt 0:00:06]} Bxe4 {[%emt 0:00:12]} 17. Bxe4 {[%emt 0:00:02]} Nxe4 {[%emt 0:00:01]} 18. Nxe4 {[%emt 0:00:02]} Nc2+ {[%emt 0:00:02]} 19. Kf1 {[%emt 0:00:01]} Nxe3+ {[%emt 0:00:01]} 20. fxe3 {[%emt 0:00:02]} Qd5 {[%emt 0:00:02]} 21. Ng5 {[%emt 0:00:02]} Bxg5 {[%emt 0:00:04]} 22. hxg5 {[%emt 0:00:02]} Qxg5 {[%emt 0:00:00]} 23. Qe1 {[%emt 0:00:05]} Rc2 {[%emt 0:00:02]} 24. Rh2 {[%emt 0:00:04]} Rxb2 {[%emt 0:00:01]} 25. Rd1 {[%emt 0:00:02]} Rc8 {[%emt 0:00:02]} 26. Rd2 {[%emt 0:00:01]} Rcc2 {[%emt 0:00:02]} 27. Rxc2 {[%emt 0:00:01]} Rxc2 {[%emt 0:00:00]} 28. g3 {[%emt 0:00:04]} Rxh2 {[%emt 0:00:02] Trotsky Ñäàåòñÿ (Lag: Av=0.24s, max=0.3s)} 0-1

[Event "Stay Safe Play From Home 289"]
[Site "Emanuel Lasker Arena"]
[Date "2020.07.09"]
[Round "4"]
[White "AChessPlayer"]
[Black "Lamborghini"]
[Result "1-0"]
[WhiteElo "2412"]
[BlackElo "2200"]
[Annotator "TA"]
[PlyCount "129"]
[EventDate "2020.07.09"]
[EventType "swiss (blitz)"]

{[%evp 12,129,19,17,28,18,43,26,58,54,63,18,54,35,54,25,20,14,48,59,60,18,89,81,94,73,64,60,68,14,40,-26,-34,-25,-17,-32,-39,-54,-60,-102,-86,-115,-84,-100,25,-137,-143,-149,-110,-110,-110,-101,-7,-118,-124,-150,-107,-274,-195,-201,-184,-222,-220,-393,-214,-245,-250,-252,-254,-266,-266,-316,-311,-320,-259,-270,-273,-334,-326,-379,-350,-445,-75,-181,-175,-1133,-1097,-1144,-1083,-1061,-1035,-1458,-1373,-1033,-861,-760,-669,-935,-904,-2187,-1703,-2362,-1019,-6216,-407,-586,-567,-1694,-1594,-1493,-1230,-29983,-29984,-29990,-29991,-29991,-29992,-29994,-29995,-29996]} 1. Nf3 Nf6 2. g3 g6 3. Bg2 Bg7 4. O-O O-O 5. d3 c6 6. e4 d6 7. Nbd2 Nfd7 {[#] A05: Réti Opening: 1 Nf3 Nf6.} 8. c3 $146 ({Predecessor:} 8. Re1 Ne5 9. Nxe5 Bxe5 10. Nc4 Bg7 11. a4 Na6 12. c3 Nc5 13. Be3 Nxa4 14. Rxa4 b5 15. Nb6 bxa4 16. Nxa8 {0-1 (45) Gomez Logrosan,C (1426)-Sebastian Enesco,A (1889) Madrid 2017}) 8... Re8 9. Qc2 Nf8 {White has an edge.} 10. d4 Nbd7 11. Re1 b6 12. h4 Bb7 13. Nf1 e5 14. h5 Nf6 15. h6 Bh8 16. Bg5 N8d7 (16... Ne6 $11) 17. Rad1 Qc7 18. dxe5 dxe5 19. Ne3 Nc5 20. Nd2 (20. Nc4 $14) 20... b5 21. Nb3 (21. Bh4 $14) 21... Ne6 $11 22. Bxf6 $1 Bxf6 23. Bh3 Ng5 24. Bg2 Be7 25. Ng4 Bc8 26. Ne3 Be6 27. c4 {next cxb5 is good for White.} a6 ({Black should try} 27... b4 $17) 28. c5 $2 (28. cxb5 $1 $11 Bxb3 29. axb3 axb5 30. Nd5 {[%mdl 64] Pin}) 28... Bf8 $17 29. Qc3 Bxb3 30. axb3 {Black should prevent Ng4.} Bxh6 31. b4 Ne6 (31... a5 $17 {White must now prevent ...axb4.} 32. bxa5 Rxa5) 32. Ng4 (32. Nd5 $1 $11 {remains equal.} cxd5 33. exd5) 32... Bg7 33. Rd6 Nd4 34. Ne3 $2 (34. f4 $17 {keeps fighting.} Rad8 35. fxe5) 34... a5 35. bxa5 Qxa5 36. Qxa5 Rxa5 37. Bh3 $2 (37. Rd7) 37... Ra6 (37... Bf8 $142 38. Kg2 Ra2) 38. Rb1 Bf8 39. Rd7 Bxc5 40. Rb7 Re7 41. Rb8+ Kg7 42. Kg2 Ba7 43. Ra8 Ra4 44. b3 Ra2 45. Rc1 Nxb3 46. Rc2 Bxe3 $2 (46... Ra5 $19 {is more deadly. aiming for ...Bxe3.} 47. Nf1 Nd4) 47. Rcxa2 (47. Raxa2 $17 Bd4 48. Rxc6) 47... Bd4 $19 48. R2a7 $2 (48. Rb8) 48... Bxa7 49. Rc8 Bd4 50. Rxc6 Nc5 51. Rd6 Nd3 52. Rd5 Ne1+ 53. Kf1 Nc2 54. Bd7 b4 {...b3 is the strong threat.} 55. Bb5 b3 {[#] Hoping for ...b2.} 56. Bd3 b2 57. Bxc2 {[%mdl 4096] Endgame KRB-KRB} Bc3 (57... Rc7 $142 58. Bd3 Rc3) 58. Bb1 (58. Ke2 {was worth a try.}) 58... Rc7 59. Kg2 Bd4 60. Rb5 Rc1 61. Rb3 Rxb1 {Black mates.} 62. Rd3 {[#]} Rg1+ $1 {[%mdl 64] Decoy, Clearance, Promotion} 63. Kxg1 b1=Q+ {[%mdl 64] Double Attack} 64. Kg2 Qxd3 65. Kh3 {[%mdl 32768] Accuracy: White = 34%, Black = 49%. . Sensor Board Error (Ke4/e5)?} 1-0

[Event "Stay Safe Play From Home 289"]
[Site "Emanuel Lasker Arena"]
[Date "2020.07.09"]
[Round "4"]
[White "Mepe_Nika"]
[Black "Eidgenosse"]
[Result "0-1"]
[WhiteElo "2373"]
[BlackElo "2390"]
[Annotator "TA"]
[PlyCount "84"]
[EventDate "2020.07.09"]
[EventType "swiss (blitz)"]

{[%evp 20,83,96,103,112,106,134,93,102,88,86,66,112,106,114,94,108,12,12,13,68,35,135,67,162,49,46,40,155,56,95,89,145,139,161,73,83,89,294,285,309,172,195,80,87,0,227,227,227,225,215,195,285,33,140,51,47,-29996,-707,-29996,-912,-29994,-29995,-29995,-29996,-29999]} 1. d4 d6 2. Bf4 Nf6 3. e3 Nbd7 4. Nf3 g6 5. h3 Bg7 6. Be2 O-O 7. O-O Qe8 8. Bh2 e5 9. c4 Qe7 10. Nc3 e4 11. Nd2 Re8 {A48: 1 d4 Nf6 2 Nf3 g6: Torre, London and Colle Systems.} 12. Qc2 Nf8 13. b4 {[%cal Bb2b4,Bb4b5][%mdl 32] [#]} Bf5 $146 {White is better.} ({Predecessor:} 13... c6 14. d5 h5 15. Rfd1 Bf5 16. dxc6 bxc6 17. Nb3 d5 18. b5 dxc4 19. Nd4 cxb5 20. Nxf5 gxf5 21. Nxb5 {1-0 (38) Bagaturov,G (2461)-Olarasu,G (2222) La Fere 2006}) 14. b5 h5 15. a4 {[%cal Ba2a4,Ba4a5][%mdl 32]} N8h7 16. a5 a6 17. bxa6 bxa6 18. Nd5 (18. Qa4 $16) 18... Nxd5 $11 19. cxd5 Ng5 (19... Bxd4 $11 20. Ra4 (20. exd4 e3 $11) 20... Be5) 20. Rfc1 Rec8 (20... Bxd4 $14 21. Ra4 (21. exd4 e3 $11) 21... Be5) 21. Bf1 ({White should try} 21. Qd1 $16) 21... h4 (21... Bxd4 $14 22. Rab1 (22. exd4 e3 $11) 22... Ra7) 22. Qc6 ({Better is} 22. Ra4 $18) 22... Bd7 $14 23. Qc3 $36 {[%mdl 2048] White fights for an advantage.} Bf5 (23... Nh7 $14) 24. Nc4 (24. Ra4 $16) 24... Bd7 25. Rab1 Bb5 (25... Bf8 $142) 26. Nd2 $16 Bxf1 27. Nxf1 (27. Rxf1 Nh7 $16) (27. Kxf1 $18 {is more deadly.} Qd7 28. Qc6) 27... Nh7 28. Rb7 {[%cal Rb7c7]} Qg5 $2 (28... Nf6 $16) 29. Rxc7 $18 Rd8 30. Rb7 (30. Qc6 $142) 30... Bf8 31. Qc7 (31. Qb2 $18 {and White stays clearly on top.}) 31... Qf5 {aiming for ...Rdc8.} 32. Qb6 ({White should play} 32. Rc6 $16) 32... Ng5 $2 (32... Nf6 $11 {and Black stays safe.}) 33. Rcc7 Rac8 34. Qxa6 {Strongly threatening Bf4.} Rxc7 35. Rxc7 Rb8 (35... Nf3+ $142 36. gxf3 exf3) 36. Rb7 $2 (36. Bxd6 $18 {Rxf7! is the strong threat.} Nf3+ 37. gxf3 exf3 38. Rxf7 {[%mdl 64] Discovered Attack} (38. Kh2 Rb2 39. Rc2 Rxc2 40. Bg3 hxg3+ 41. Kxg3 Qg5+ 42. Kxf3 Qf5+ {[%mdl 64] Double Attack} 43. Kg3 Qxf2+ 44. Kg4 Qf5+ {[%mdl 64] Double Attack} 45. Kg3 Qg5+ 46. Kf3 Qg2+ {[%mdl 64] Double Attack} 47. Kf4 Rf2+ {[%mdl 64] Double Attack} 48. Ke5 Rf5#) 38... Qg5+ 39. Bg3 hxg3 40. fxg3 Kxf7 41. Qa7+ {[%mdl 64] Double Attack} Be7 42. Qxb8 Qxd5 43. Nd2) 36... Rc8 (36... Nf3+ $14 37. Kh1 (37. gxf3 Rxb7 38. Qxb7 exf3 $14) 37... Ne1) 37. Qb5 ({Resist} 37. Bxd6 Rc2 $11) (37. Rb1 $1 $16) 37... Rc1 $14 {Threatens to win with ...Nf3+!} 38. Qb2 $2 {[%mdl 8192] [#]} (38. Qd7 $14 Qxd5 39. Qb5 Qxb5 40. Rxb5) 38... Re1 (38... Nf3+ $142 $1 {[%mdl 512]} 39. gxf3 Qxh3 $1 {[%mdl 512]} 40. Qb5 exf3 41. Kh1 Qg2#) 39. Qd2 {[#]} Ra1 (39... Nf3+ $142 $1 {[%mdl 512]} 40. gxf3 {[#]} Qxh3 $1 {[%mdl 512]} 41. Qe2 exf3 42. Qxe1 Qg2#) 40. Rb8 {[#]} Nf3+ $1 {[%mdl 576] Deflection. Black mates.} 41. gxf3 Qxh3 {[%csl Gh3][%cal Ra1f1]} 42. fxe4 Rxf1# {Black used his chance. Accuracy: White = 28%, Black = 50%.} 0-1

[Event "Stay Safe Play From Home 289"]
[Site "Emanuel Lasker Arena"]
[Date "2020.07.09"]
[Round "4"]
[White "SoulofWolf"]
[Black "Haris kollari 13"]
[Result "1-0"]
[WhiteElo "2270"]
[BlackElo "1746"]
[Annotator "NA"]
[PlyCount "85"]
[EventDate "2020.07.09"]
[EventType "swiss (blitz)"]

1. d3 {[%emt 0:00:01]} d5 {[%emt 0:00:01]} 2. Nf3 {[%emt 0:00:00]} c5 {[%emt 0:00:01]} 3. Bg5 {[%emt 0:00:01]} f6 {[%emt 0:00:02]} 4. Bh4 {[%emt 0:00:00]} h5 {[%emt 0:00:00]} 5. Bg3 {[%emt 0:00:00]} Nc6 {[%emt 0:00:01]} 6. h4 {[%emt 0:00:00]} e5 {[%emt 0:00:01]} 7. Nbd2 {[%emt 0:00:00]} Be6 {[%emt 0:00:01]} 8. e4 {[%emt 0:00:00]} d4 {[%emt 0:00:01]} 9. b3 {[%emt 0:00:00]} Bd6 {[%emt 0:00:01]} 10. a3 {[%emt 0:00:01]} b5 {[%emt 0:00:01]} 11. Be2 {[%emt 0:00:01]} g6 {[%emt 0:00:01]} 12. O-O {[%emt 0:00:01]} Nge7 {[%emt 0:00:01]} 13. Qb1 {[%emt 0:00:01]} Qd7 {[%emt 0:00:01]} 14. Qb2 {[%emt 0:00:01]} a6 {[%emt 0:00:02]} 15. Rfc1 {[%emt 0:00:01]} O-O {[%emt 0:00:01]} 16. c3 {[%emt 0:00:00]} Kh7 {[%emt 0:00:03]} 17. cxd4 {[%emt 0:00:01]} cxd4 {[%emt 0:00:01]} 18. Rc2 {[%emt 0:00:02]} Rac8 {[%emt 0:00:02]} 19. Rac1 {[%emt 0:00:01]} Na7 {[%emt 0:00:01]} 20. b4 {[%emt 0:00:03]} Nac6 {[%emt 0:00:03]} 21. Nb3 {[%emt 0:00:02]} Na7 {[%emt 0:00:02]} 22. Nc5 {[%emt 0:00:02]} Bxc5 {[%emt 0:00:01]} 23. Rxc5 {[%emt 0:00:01]} Rxc5 {[%emt 0:00:01]} 24. Rxc5 {[%emt 0:00:01]} Rc8 {[%emt 0:00:02]} 25. Qc2 {[%emt 0:00:00]} f5 {[%emt 0:00:03]} 26. Nxe5 {[%emt 0:00:01]} Qd6 {[%emt 0:00:02]} 27. Nf7 {[%emt 0:00:08]} Qd7 {[%emt 0:00:04]} 28. Ng5+ {[%emt 0:00:01]} Kg7 {[%emt 0:00:02]} 29. Be5+ {[%emt 0:00:02]} Kg8 {[%emt 0:00:04]} 30. Rc7 {[%emt 0:00:04]} Rxc7 {[%emt 0:00:02]} 31. Bxc7 {[%emt 0:00:00]} Qxc7 {[%emt 0:00:00]} 32. Qxc7 {[%emt 0:00:01]} Bb3 {[%emt 0:00:02]} 33. Qxe7 {[%emt 0:00:03]} fxe4 {[%emt 0:00:01]} 34. Qxa7 {[%emt 0:00:02]} exd3 {[%emt 0:00:02]} 35. Bxd3 {[%emt 0:00:00]} Bc4 {[%emt 0:00:01]} 36. Bxg6 {[%emt 0:00:01]} Bd5 {[%emt 0:00:03]} 37. Qxd4 {[%emt 0:00:03]} Bb3 {[%emt 0:00:02]} 38. Kh2 {[%emt 0:00:01]} Bc4 {[%emt 0:00:01]} 39. Kg3 {[%emt 0:00:01]} a5 {[%emt 0:00:00]} 40. Kf4 {[%emt 0:00:00]} axb4 {[%emt 0:00:01] '} 41. Ke5 {[%emt 0:00:01]} b3 {[%emt 0:00:00]} 42. Kf6 {[%emt 0:00:01]} b2 {[%emt 0:00:00]} 43. Qd8# {[%emt 0:00:01] (Lag: Av=0.47s, max=2.1s)} 1-0

[Event "Stay Safe Play From Home 289"]
[Site "Emanuel Lasker Arena"]
[Date "2020.07.09"]
[Round "4"]
[White "Fischer_11"]
[Black "Bardellosport"]
[Result "1-0"]
[WhiteElo "2040"]
[BlackElo "1960"]
[Annotator "NA"]
[PlyCount "45"]
[EventDate "2020.07.09"]
[EventType "swiss (blitz)"]

1. e4 {[%emt 0:00:01]} a6 {[%emt 0:00:02]} 2. d4 {[%emt 0:00:01]} b5 {[%emt 0:00:00]} 3. Nc3 {[%emt 0:00:00]} Bb7 {[%emt 0:00:00]} 4. Bd3 {[%emt 0:00:01]} e6 {[%emt 0:00:00]} 5. Qg4 {[%emt 0:00:02]} Nf6 {[%emt 0:00:01]} 6. Qg3 {[%emt 0:00:01]} Rg8 {[%emt 0:00:02]} 7. a3 {[%emt 0:00:01]} Be7 {[%emt 0:00:01]} 8. f4 {[%emt 0:00:01]} d5 {[%emt 0:00:01]} 9. Nf3 {[%emt 0:00:00]} Nxe4 {[%emt 0:00:01]} 10. Bxe4 {[%emt 0:00:01]} dxe4 {[%emt 0:00:00]} 11. Ng5 {[%emt 0:00:01]} Bxg5 {[%emt 0:00:02]} 12. fxg5 {[%emt 0:00:00]} c5 {[%emt 0:00:01]} 13. dxc5 {[%emt 0:00:03]} Nc6 {[%emt 0:00:02]} 14. O-O {[%emt 0:00:02]} Qd4+ {[%emt 0:00:02]} 15. Be3 {[%emt 0:00:02]} Qd7 {[%emt 0:00:01]} 16. Nxe4 {[%emt 0:00:02]} O-O-O {[%emt 0:00:01]} 17. Nd6+ {[%emt 0:00:01]} Kb8 {[%emt 0:00:01]} 18. Rxf7 {[%emt 0:00:02]} Ne7 {[%emt 0:00:02]} 19. Nxb7+ {[%emt 0:00:05]} Kxb7 {[%emt 0:00:00]} 20. Qf3+ {[%emt 0:00:05]} Kb8 {[%emt 0:00:04]} 21. b4 {[%emt 0:00:01]} Rge8 {[%emt 0:00:02]} 22. Bf4+ {[%emt 0:00:02]} Kc8 {[%emt 0:00:02]} 23. Qa8# {[%emt 0:00:02] (Lag: Av=0.75s, max=4.7s)} 1-0

[Event "Stay Safe Play From Home 289"]
[Site "Emanuel Lasker Arena"]
[Date "2020.07.09"]
[Round "4"]
[White "Mandy"]
[Black "Trotsky"]
[Result "0-1"]
[WhiteElo "901"]
[BlackElo "1596"]
[Annotator "NA RC"]
[PlyCount "36"]
[EventDate "2020.07.09"]
[EventType "swiss (blitz)"]

1. d4 {[%emt 0:00:03]} d5 {[%emt 0:00:02]} 2. Bf4 {[%emt 0:00:01]} e6 {[%emt 0:00:01]} 3. e3 {[%emt 0:00:01]} c5 {[%emt 0:00:01]} 4. c3 {[%emt 0:00:03]} Nc6 {[%emt 0:00:01]} 5. Nd2 {[%emt 0:00:01]} c4 {[%emt 0:00:01]} 6. Ngf3 {[%emt 0:00:02]} Bd6 {[%emt 0:00:02]} 7. Bxd6 {[%emt 0:00:06]} Qxd6 {[%emt 0:00:01]} 8. h3 {[%emt 0:00:01]} Nf6 {[%emt 0:00:01]} 9. Bd3 {[%emt 0:00:02]} Bd7 {[%emt 0:00:01]} 10. e4 {[%emt 0:00:05]} Qc7 {[%emt 0:00:08]} 11. e5 {[%emt 0:00:04]} Ng8 {[%emt 0:00:02]} 12. O-O {[%emt 0:00:07]} h5 {[%emt 0:00:03]} 13. Qe2 {[%emt 0:00:04]} Nh6 {[%emt 0:00:01]} 14. Ng5 {[%emt 0:00:05]} O-O-O {[%emt 0:00:02]} 15. f4 {[%emt 0:00:09]} f6 {[%emt 0:00:02]} 16. Ngf3 {[%emt 0:00:04]} g5 {[%emt 0:00:03]} 17. f5 {[%emt 0:00:02]} g4 {[%emt 0:00:03]} 18. fxe6 {[%emt 0:00:01]} Bxe6 {[%emt 0:00:01] Zeit (Lag: Av=0.45s, max=2.6s)} 0-1

[Event "Stay Safe Play From Home 289"]
[Site "Emanuel Lasker Arena"]
[Date "2020.07.09"]
[Round "5"]
[White "Eidgenosse"]
[Black "AChessPlayer"]
[Result "1-0"]
[WhiteElo "2406"]
[BlackElo "2420"]
[Annotator "TA"]
[PlyCount "141"]
[EventDate "2020.07.09"]
[EventType "swiss (blitz)"]

{[%evp 14,140,1,1,39,32,46,38,49,47,67,37,69,55,63,45,41,43,40,19,60,30,125,49,53,47,141,139,129,114,145,0,82,10,9,0,462,454,466,487,478,483,467,456,533,483,526,523,533,509,686,671,770,510,532,508,585,587,568,539,492,327,283,270,644,630,581,550,698,684,677,688,867,660,1098,1054,961,787,751,771,1102,1094,1186,1190,1078,1045,6386,6252,29966,29967,29958,12831,6721,6111,5018,1547,4902,2684,29977,583,29992,29993,29994,29993,29993,29993,29993,29994,29994,29995,29995,29996,29996,29997,29997,29998,29998,29997,29997,29997,29997,29998,29998,29999,29999,29998,29998,29999,29999]} 1. Nf3 g6 2. g3 Bg7 3. Bg2 d6 4. O-O Nf6 5. d3 O-O 6. Nbd2 e5 7. e4 Nc6 8. c3 Nd7 {A05: Réti Opening: 1 Nf3 Nf6.} 9. b4 a5 10. b5 Ne7 {White is slightly better.} 11. a4 {[#]} Nc5 $146 ({Predecessor:} 11... b6 12. Ba3 Bb7 13. d4 Re8 14. Qb3 d5 15. Nxe5 Nxe5 16. dxe5 Bxe5 17. Rad1 Bd6 {1-0 (31) Hansen,S (2578)-Antonsen,M (2458) Svendborg 2016}) 12. Qe2 Ne6 13. Bb2 c6 14. d4 exd4 15. cxd4 d5 16. e5 b6 17. Ba3 c5 (17... cxb5 $11 18. axb5 Re8) 18. Rac1 (18. Rfd1 $16) 18... c4 $1 $14 19. Nb1 Bd7 (19... Re8 $14) 20. Nc3 $36 {[%mdl 2048] And now Bxe7 would win. Black is under strong pressure.} Nc7 21. Qe3 Be6 22. Bd6 (22. g4 $16) 22... h6 (22... Nf5 $11 23. Bxc7 Qxc7) 23. h4 (23. Ba3 $16) 23... Nf5 $11 24. Bxc7 Nxe3 $4 {[%mdl 8192] [#] White stays focused until the end.} (24... Qxc7 $11 {and Black stays safe.} 25. Qd2 Rfe8) 25. Bxd8 $18 Nxf1 26. Bxb6 Rfb8 27. Bc5 Nxg3 28. fxg3 Bf8 29. Kf2 Rc8 30. Bxf8 Kxf8 31. Ke3 Kg7 32. Nd2 Rab8 33. Bf3 Rd8 34. Nf1 g5 35. h5 g4 36. Be2 f6 37. Kf4 fxe5+ 38. Kxe5 Bg8 $2 (38... Bc8) 39. Bxg4 Re8+ 40. Kf4 Rb6 41. Bf5 Rf6 42. g4 Bh7 43. Ng3 Kh8 44. Nxd5 Rd6 45. Nc7 Rxd4+ 46. Kf3 Re7 47. Ne6 Rd2 48. Rxc4 Bg8 49. Rc8 Rd6 50. Ne4 Rdxe6 51. Bxe6 Rxe6 {[%mdl 4096] Endgame KRB-KRN} 52. Kf4 Kg7 53. g5 hxg5+ 54. Nxg5 (54. Kf5 $142 Rb6 55. Kxg5) 54... Rd6 55. Rc7+ Kh6 {[#]} 56. Ne4 (56. Rh7+ $142 $3 {[%mdl 512]} Bxh7 57. Nf7+ {[%mdl 64] Double Attack} Kxh5 58. Nxd6 Bd3 59. b6 Ba6 60. b7 Bxb7 61. Nxb7) 56... Kxh5 57. Nxd6 {White mates.} Bb3 58. Ra7 Bxa4 59. Rxa5 Kg6 60. Rxa4 Kf6 61. b6 Ke6 62. b7 Kd7 63. b8=Q Kc6 64. Qb5+ Kxd6 65. Ra6+ Kc7 66. Qb6+ Kc8 67. Ra8+ Kd7 68. Ra7+ Kc8 69. Qh6 {[%cal Rh6h8]} Kb8 70. Rg7 {[%cal Rh6h8]} Ka8 71. Qh8# {Accuracy: White = 64%, Black = 32%.} 1-0